| 000 | 02835 a2200397 4500 | ||
|---|---|---|---|
| 003 | Nust | ||
| 005 | 20170207154052.0 | ||
| 020 | _a978-0-470-49849-1 | ||
| 020 | _a978-0-470-49849-1 | ||
| 035 | _a(AU-PeEL)EBL433751 | ||
| 035 | _a(OCoLC)430826730 | ||
| 040 | _cNust | ||
| 082 | 0 | 0 |
_a658.3 _a658.301 _a658.301 |
| 100 | 1 | _aSujansky, Joanne. | |
| 245 | 1 | 0 |
_aKeeping The Millennials (E-BOOK) _h[Elektronisk resurs] : _bWhy Companies Are Losing Billions in Turnover to This Generation- and What to Do About It. |
| 260 |
_aHoboken : _bJohn Wiley & Sons, Inc., _c2009. |
||
| 300 | _a1 online resource (255 p.) | ||
| 500 | _aDescription based upon print version of record. | ||
| 505 | 0 | _aChapter 11: Where to Start?Notes; About the Authors; Index; | |
| 505 | 0 | _aKEEPING THE MILLENNIALS: Why Companies are Losing Billions in Turnover to the Generation-and What to do About it; Contents; Acknowledgments; Chapter 1: A Generational Battle Ahead; Chapter 2 :A Workforce to Reckon With; Chapter 3: Attracting Millennials . . . The "Cool Factor"; Chapter 4: Those Other Children of Boomers . . . Generation X; Chapter 5: Creating a Millennial-Friendly Culture; Chapter 6: Managing Millennials; Chapter 7: Millennial or Boomer?; Chapter 8: Preparing Millennials to Lead; Chapter 9: R U Communicating with Millennials?; Chapter 10: Marketing to Millennials | |
| 520 | _a"This is a great book and a must-read for anyone who wants tounderstand the young people who are now or will soon join the workforce. It'sone of the most useful value-added books about the Millennial generation."-Warren Bennis, Distinguished Professor of Management, University of Southern California,and author of On Becoming a Leader "Are you confused trying to understand the younger generation? Keeping the Millennials explores this fascinating generation raised withtechnology and the challenges they bring to the workplace. Read this great book andlearn how to attract, hire, and retain this dy | ||
| 650 | 4 | _aEmployee motivation -- United States. | |
| 650 | 4 | _aEmployee motivation. | |
| 650 | 4 | _aGeneration Y -- Employment -- United States. | |
| 650 | 4 | _aGeneration Y -- Employment. | |
| 650 | 4 | _aLabor turnover -- United States. | |
| 650 | 4 | _aLabor turnover. | |
| 650 | 4 | _aPersonnel management -- United States. | |
| 650 | 4 | _aPersonnel management. | |
| 650 | 4 | _aYoung adults -- Employment -- United States. | |
| 650 | 4 | _aYoung adults -- Employment. | |
| 651 | _aKeeping The Millennials (E-BOOK) | ||
| 655 | 0 | _aElectronic books. | |
| 700 | 1 | _aFerri-Reed, Jan. | |
| 856 | 4 | 0 | _uhttp://link.libris.kb.se/sfxcthb?url_ver=Z39.88-2004&ctx_ver=Z39.88-2004&ctx_enc=info:ofi/enc:UTF-8&rfr_id=info:sid/sfxit.com:opac_856&url_ctx_fmt=info:ofi/fmt:kev:mtx:ctx&sfx.ignore_date_threshold=1&rft.object_id=1000000000748555&svc_val_fmt=info:ofi/fmt:kev:mtx:sch_svc& |
| 942 |
_2ddc _cBK |
||
| 999 |
_c193175 _d193175 |
||